Datum a čas kvízu
21.5
Celkem bodů
Celkový počet nahraných bodů na tomto kvízu bez doplňovacích otázek.
3.
Pořadí na kvízu
Konečné umístění týmu na tomto kvízu.
Zaznamenané odpovědi
| # | Otázka | Odpověď | Body | Výsledky |
|---|---|---|---|---|
| 1. | "Po ___ společných letech plný... | třiceti | 0 | |
| 2. | V minulém týdnu se objevila zp... | A | 0 | |
| 3. | Ve čtvrtek proběhlo předávání... | Hella, Alena Machoninová | 0 | |
| 4. | Automobilka Alfa Romeo se rozh... | Milano | 0 | |
| 5. | Americké atletky nebyly při př... | Nike | 1 | |
| 6. | Jihoafrická republika má de fa... | Kapské město; Bloemfontein | 0.5 | |
| 7. | Které evropské hlavní město se... | Oslo | 0 | |
| 8. | Nyní vám dáme na výběr, zda si... | Windhoek; Manila | 0.5 | |
| 9. | Které malebné hlavní město lež... | Tallinn | 0 | |
| 10. | Napište, které hlavní město (s... | Reykjavík; Wellington | 1 |